[Event "11th 4NCL Congress Open"]
[Site "Harben House"]
[Date "2016.11.05"]
[Round "2.5"]
[White "Fernandez, Daniel H"]
[Black "Jackson, James P"]
[Result "1-0"]
[BlackElo "2311"]
[WhiteElo "2450"]
[LiveChessVersion "1.4.8"]

1. g3 {[%clk 1:27:58]} g6 {[%clk 1:30:11]} 2. Bg2 {[%clk 1:28:13]} Bg7
{[%clk 1:30:36]} 3. Nf3 {[%clk 1:25:37]} Nf6 {[%clk 1:29:23]} 4. b3
{[%clk 1:19:01]} Ne4 {[%clk 1:24:31]} 5. c3 {[%clk 1:18:54]} d5 {[%clk 1:23:11]}
6. Bb2 {[%clk 1:18:25]} a5 {[%clk 1:23:08]} 7. d3 {[%clk 1:18:02]} Nc5
{[%clk 1:22:36]} 8. a4 {[%clk 1:12:54]} O-O {[%clk 1:20:26]} 9. O-O
{[%clk 1:12:10]} Re8 {[%clk 1:16:04]} 10. Nbd2 {[%clk 1:02:39]} e5
{[%clk 1:15:14]} 11. d4 {[%clk 1:02:50]} exd4 {[%clk 1:15:06]} 12. cxd4
{[%clk 1:03:12]} Ne6 {[%clk 1:13:41]} 13. Rb1 {[%clk 1:00:48]} Nc6
{[%clk 1:10:06]} 14. e3 {[%clk 1:01:03]} Nb4 {[%clk 1:10:32]} 15. Ne1
{[%clk 0:49:14]} b6 {[%clk 1:10:07]} 16. Nc2 {[%clk 0:48:32]} Nd3
{[%clk 1:08:51]} 17. Nc4 {[%clk 0:44:59]} Nxb2 {[%clk 1:07:01]} 18. Nxb2
{[%clk 0:45:26]} Ba6 {[%clk 1:04:58]} 19. Re1 {[%clk 0:42:43]} Qd6
{[%clk 1:04:01]} 20. Nd3 {[%clk 0:36:05]} c5 {[%clk 1:02:17]} 21. Nf4
{[%clk 0:35:20]} Nxf4 {[%clk 1:01:42]} 22. gxf4 {[%clk 0:35:09]} Rad8
{[%clk 0:53:37]} 23. Qd2 {[%clk 0:33:13]} Bc8 {[%clk 0:50:44]} 24. dxc5
{[%clk 0:24:45]} Qxc5 {[%clk 0:50:39]} 25. Nd4 {[%clk 0:24:55]} Bxd4
{[%clk 0:48:40]} 26. Qxd4 {[%clk 0:25:23]} Qxd4 {[%clk 0:48:25]} 27. exd4
{[%clk 0:25:51]} Bf5 {[%clk 0:46:04]} 28. Rxe8+ {[%clk 0:25:28]} Rxe8
{[%clk 0:46:26]} 29. Rc1 {[%clk 0:25:51]} Kg7 {[%clk 0:46:24]} 30. h4
{[%clk 0:24:56]} Re6 {[%clk 0:43:13]} 31. Bf3 {[%clk 0:18:41]} Be4
{[%clk 0:42:12]} 32. Kg2 {[%clk 0:18:48]} Bxf3+ {[%clk 0:26:42]} 33. Kxf3
{[%clk 0:19:16]} Kf6 {[%clk 0:27:02]} 34. Kg3 {[%clk 0:16:04]} Re4
{[%clk 0:24:42]} 35. Rc6+ {[%clk 0:16:06]} Kf5 {[%clk 0:24:17]} 36. Rxb6
{[%clk 0:16:13]} Rxd4 {[%clk 0:24:41]} 37. Rb7 {[%clk 0:10:25]} Ke4
{[%clk 0:11:54]} 38. Rxf7 {[%clk 0:10:29]} Rd3+ {[%clk 0:12:20]} 39. Kg4
{[%clk 0:10:53]} Rxb3 {[%clk 0:12:45]} 40. Rxh7 {[%clk 0:10:21]} Kd3
{[%clk 0:13:02]} 41. Ra7 {[%clk 0:06:53]} Rb6 {[%clk 0:13:01]} 42. Kg5
{[%clk 0:02:42]} d4 {[%clk 0:08:49]} 43. f5 {[%clk 0:02:47]} gxf5
{[%clk 0:08:20]} 44. h5 {[%clk 0:03:16]} f4 {[%clk 0:07:39]} 45. Kxf4
{[%clk 0:02:33]} Ke2 {[%clk 0:04:41]} 46. Rd7 {[%clk 0:00:46]} d3
{[%clk 0:03:33]} 47. Kg5 {[%clk 0:01:14]} d2 {[%clk 0:01:48]} 48. h6
{[%clk 0:01:38]} d1=Q {[%clk 0:00:58]} 49. Rxd1 {[%clk 0:02:07]} Kxd1 50. f4
{[%clk 0:02:05]} Ke2 {[%clk 0:01:26]} 51. f5 {[%clk 0:02:06]} Rb1
{[%clk 0:00:32]} 52. f6 {[%clk 0:02:16]} Rg1+ {[%clk 0:00:32]} 53. Kf5
{[%clk 0:02:38]} Ke3 {[%clk 0:00:32]} 54. h7 {[%clk 0:02:26]} Rh1
{[%clk 0:00:52]} 55. f7 {[%clk 0:02:31]} Rxh7 {[%clk 0:00:31]} 56. f8=Q
{[%clk 0:02:57]} Rh5+ {[%clk 0:00:54]} 57. Ke6 {[%clk 0:03:07]} Rg5
{[%clk 0:00:31]} 58. Qh6 {[%clk 0:03:31]} 1-0

[Event "11th 4NCL Congress Open"]
[Site "Harben House"]
[Date "2016.11.05"]
[Round "2.6"]
[White "Pert, Richard G"]
[Black "Clark, Robert G"]
[Result "1-0"]
[BlackElo "2006"]
[WhiteElo "2432"]
[LiveChessVersion "1.4.8"]

1. e4 {[%clk 1:30:56]} e6 {[%clk 1:30:47]} 2. d4 {[%clk 1:31:19]} d5
{[%clk 1:31:11]} 3. Nd2 {[%clk 1:31:43]} Nf6 {[%clk 1:31:27]} 4. e5
{[%clk 1:32:05]} Nfd7 {[%clk 1:31:52]} 5. Bd3 {[%clk 1:31:51]} c5
{[%clk 1:32:09]} 6. c3 {[%clk 1:32:14]} Nc6 {[%clk 1:32:26]} 7. Ngf3
{[%clk 1:32:21]} f6 {[%clk 1:30:21]} 8. exf6 {[%clk 1:32:39]} Nxf6
{[%clk 1:28:52]} 9. O-O {[%clk 1:32:50]} Bd6 {[%clk 1:22:03]} 10. dxc5
{[%clk 1:32:36]} Bxc5 {[%clk 1:22:14]} 11. b4 {[%clk 1:32:52]} Bb6
{[%clk 1:16:40]} 12. b5 {[%clk 1:28:43]} Ne7 {[%clk 1:15:15]} 13. Ba3
{[%clk 1:17:22]} O-O {[%clk 0:57:24]} 14. c4 {[%clk 1:07:30]} Re8
{[%clk 0:52:23]} 15. Qb3 {[%clk 1:00:01]} Nf5 {[%clk 0:44:00]} 16. Rad1
{[%clk 0:53:22]} Ng4 {[%clk 0:30:17]} 17. c5 {[%clk 0:39:51]} Bc7
{[%clk 0:29:18]} 18. h3 {[%clk 0:37:28]} Nf6 {[%clk 0:15:24]} 19. Rfe1 b6 20.
Bxf5 {[%clk 0:21:19]} exf5 {[%clk 0:15:44]} 21. Rxe8+ {[%clk 0:20:11]} Nxe8 22.
Nf1 {[%clk 0:20:22]} Be6 {[%clk 0:09:30]} 23. Nd4 {[%clk 0:20:04]} Bf7
{[%clk 0:07:34]} 24. Nxf5 Qf6 {[%clk 0:07:05]} 25. Qf3 {[%clk 0:19:40]} Rd8
{[%clk 0:04:59]} 26. cxb6 Qxb6 27. Ne7+ {[%clk 0:19:02]} Kh8 {[%clk 0:05:22]} 28.
Qxf7 {[%clk 0:19:15]} 1-0

[Event "11th 4NCL Congress Open"]
[Site "Harben House"]
[Date "2016.11.05"]
[Round "2.7"]
[White "Haria, Ravi"]
[Black "Jayawarna, Nugith"]
[Result "1-0"]
[BlackElo "2057"]
[WhiteElo "2383"]
[LiveChessVersion "1.4.8"]

1. Nf3 {[%clk 1:30:56]} c5 {[%clk 1:30:50]} 2. g3 {[%clk 1:31:19]} Nc6
{[%clk 1:31:16]} 3. Bg2 {[%clk 1:31:12]} g6 {[%clk 1:31:36]} 4. c4
{[%clk 1:31:28]} Bg7 {[%clk 1:31:51]} 5. Nc3 {[%clk 1:31:38]} e5 {[%clk 1:31:11]}
6. O-O {[%clk 1:31:57]} Nge7 {[%clk 1:31:24]} 7. a3 a5 {[%clk 1:29:39]} 8. Ne1
{[%clk 1:30:56]} d6 {[%clk 1:28:12]} 9. d3 {[%clk 1:30:44]} Be6 {[%clk 1:26:58]}
10. Nd5 {[%clk 1:29:25]} O-O {[%clk 1:23:07]} 11. Bg5 {[%clk 1:19:41]} f6
{[%clk 1:16:04]} 12. Bd2 {[%clk 1:19:58]} h6 {[%clk 1:06:15]} 13. Nc2
{[%clk 1:16:59]} Rb8 {[%clk 0:48:39]} 14. b4 {[%clk 1:15:57]} axb4
{[%clk 0:43:11]} 15. axb4 {[%clk 1:16:18]} cxb4 {[%clk 0:36:50]} 16. Ncxb4
{[%clk 1:11:34]} Nxb4 {[%clk 0:28:50]} 17. Bxb4 {[%clk 1:07:52]} Nc6
{[%clk 0:25:40]} 18. Bc3 {[%clk 1:06:46]} f5 {[%clk 0:22:36]} 19. Rb1
{[%clk 1:04:11]} f4 {[%clk 0:18:41]} 20. Rb5 {[%clk 0:57:44]} Qd7
{[%clk 0:15:06]} 21. Qb3 {[%clk 0:50:05]} fxg3 {[%clk 0:09:58]} 22. hxg3
{[%clk 0:49:14]} Kh7 {[%clk 0:06:32]} 23. Ne3 {[%clk 0:30:37]} Nd4
{[%clk 0:03:58]} 24. Bxd4 {[%clk 0:30:06]} exd4 {[%clk 0:04:27]} 25. Nc2
{[%clk 0:23:47]} Rf7 {[%clk 0:04:42]} 26. Ne1 {[%clk 0:15:20]} Bh3
{[%clk 0:03:52]} 27. Nf3 {[%clk 0:15:39]} Bxg2 {[%clk 0:03:13]} 28. Kxg2
{[%clk 0:16:04]} Rbf8 {[%clk 0:03:11]} 29. Rh1 {[%clk 0:15:22]} Kg8
{[%clk 0:01:57]} 30. Rb1 {[%clk 0:10:48]} Qc6 {[%clk 0:00:57]} 31. Rb6
{[%clk 0:08:31]} Qe8 {[%clk 0:00:50]} 32. Qa2 {[%clk 0:05:26]} g5
{[%clk 0:00:58]} 33. c5 {[%clk 0:05:04]} d5 {[%clk 0:01:00]} 34. Rf1
{[%clk 0:02:41]} g4 {[%clk 0:00:53]} 35. Nh4 {[%clk 0:02:34]} Kh7
{[%clk 0:01:02]} 36. Ng6 {[%clk 0:02:11]} Rg8 {[%clk 0:00:36]} 37. Qxd5
{[%clk 0:02:15]} Rf6 {[%clk 0:00:43]} 38. Rxf6 {[%clk 0:02:33]} Bxf6
{[%clk 0:01:11]} 39. Nf4 {[%clk 0:02:48]} Qc6 {[%clk 0:00:38]} 40. Rb1
{[%clk 0:02:47]} Rg7 {[%clk 0:00:34]} 41. Rb6 {[%clk 0:02:31]} Qxd5+
{[%clk 0:00:51]} 42. Nxd5 {[%clk 0:02:59]} Be7 {[%clk 0:00:36]} 43. Rxb7
{[%clk 0:02:51]} Bxc5 {[%clk 0:01:02]} 44. Nf6+ {[%clk 0:03:15]} Kg6
{[%clk 0:01:24]} 45. Rxg7+ {[%clk 0:03:40]} Kxg7 {[%clk 0:01:51]} 46. Nxg4
{[%clk 0:04:04]} Bd6 {[%clk 0:02:03]} 47. Nh2 {[%clk 0:02:54]} Kf6
{[%clk 0:01:54]} 48. Nf3 {[%clk 0:03:18]} Bc5 {[%clk 0:02:20]} 49. Nd2
{[%clk 0:01:19]} Bb6 {[%clk 0:02:15]} 50. Kf3 {[%clk 0:01:25]} Kf5
{[%clk 0:01:51]} 51. Ne4 {[%clk 0:01:13]} Ba7 {[%clk 0:01:04]} 52. g4+
{[%clk 0:01:15]} Kg6 {[%clk 0:00:58]} 53. Kg3 {[%clk 0:00:43]} Bb8+
{[%clk 0:00:47]} 54. Kh4 {[%clk 0:00:43]} Bf4 {[%clk 0:00:42]} 55. Nc5
{[%clk 0:00:55]} Bd6 {[%clk 0:00:44]} 56. Ne6 {[%clk 0:01:12]} Be5
{[%clk 0:00:55]} 57. f4 {[%clk 0:01:29]} Bh8 {[%clk 0:00:49]} 58. f5+
{[%clk 0:01:44]} Kh7 {[%clk 0:00:42]} 59. Kg3 {[%clk 0:02:01]} Kg8
{[%clk 0:00:35]} 60. Kf4 {[%clk 0:02:26]} Kf7 {[%clk 0:00:59]} 61. Ke4
{[%clk 0:02:51]} 1-0

[Event "11th 4NCL Congress Open"]
[Site "Harben House"]
[Date "2016.11.05"]
[Round "2.8"]
[White "Hill, Alistair"]
[Black "Mitra, Roman C"]
[Result "1/2-1/2"]
[BlackElo "2043"]
[WhiteElo "2249"]
[LiveChessVersion "1.4.8"]

1. Nf3 {[%clk 1:30:56]} d5 {[%clk 1:30:18]} 2. g3 {[%clk 1:31:22]} Nf6
{[%clk 1:30:09]} 3. Bg2 {[%clk 1:31:47]} e6 {[%clk 1:30:29]} 4. O-O
{[%clk 1:32:12]} Be7 {[%clk 1:30:51]} 5. c4 {[%clk 1:32:37]} c6 {[%clk 1:30:23]}
6. b3 {[%clk 1:31:15]} O-O {[%clk 1:30:34]} 7. d3 {[%clk 1:31:26]} Nbd7
{[%clk 1:14:03]} 8. Bb2 {[%clk 1:31:09]} b6 {[%clk 1:07:58]} 9. Nbd2
{[%clk 1:30:21]} Bb7 {[%clk 1:08:03]} 10. e4 {[%clk 1:26:21]} a5 {[%clk 1:04:58]}
11. e5 {[%clk 1:21:18]} Ne8 {[%clk 1:05:21]} 12. Qe2 {[%clk 1:20:02]} a4
{[%clk 1:03:05]} 13. Rfc1 {[%clk 1:04:38]} Nc7 {[%clk 0:55:25]} 14. Nf1
{[%clk 1:02:07]} axb3 {[%clk 0:40:14]} 15. axb3 {[%clk 1:02:31]} Bb4
{[%clk 0:40:00]} 16. Rxa8 {[%clk 0:57:32]} Bxa8 {[%clk 0:33:22]} 17. Nd4
{[%clk 0:35:00]} Bc5 {[%clk 0:18:55]} 18. h4 {[%clk 0:32:57]} Bxd4
{[%clk 0:12:08]} 19. Bxd4 {[%clk 0:33:22]} c5 {[%clk 0:12:32]} 20. Bb2
{[%clk 0:30:00]} d4 {[%clk 0:12:44]} 21. Ra1 {[%clk 0:29:11]} Bxg2
{[%clk 0:12:55]} 22. Kxg2 {[%clk 0:29:37]} Qb8 {[%clk 0:09:28]} 23. f4
{[%clk 0:24:22]} Qb7+ {[%clk 0:09:27]} 24. Qf3 {[%clk 0:24:15]} Qxf3+
{[%clk 0:09:32]} 25. Kxf3 {[%clk 0:24:41]} Ra8 {[%clk 0:09:50]} 26. Rxa8+
{[%clk 0:22:28]} Nxa8 {[%clk 0:10:17]} 27. b4 {[%clk 0:22:51]} f6
{[%clk 0:08:33]} 28. exf6 {[%clk 0:22:59]} gxf6 {[%clk 0:08:59]} 29. Nd2
{[%clk 0:20:19]} f5 {[%clk 0:07:46]} 30. Ba3 {[%clk 0:11:01]} Nc7
{[%clk 0:07:52]} 31. bxc5 {[%clk 0:10:15]} bxc5 {[%clk 0:08:07]} 32. Nb3
{[%clk 0:10:28]} 1/2-1/2

[Event "11th 4NCL Congress Open"]
[Site "Harben House"]
[Date "2016.11.05"]
[Round "2.9"]
[White "Whitfield, Craig M"]
[Black "Roe, Simon J"]
[Result "1/2-1/2"]
[BlackElo "2210"]
[WhiteElo "2038"]
[LiveChessVersion "1.4.8"]

1. e4 {[%clk 1:30:57]} Nf6 {[%clk 1:30:54]} 2. e5 {[%clk 1:31:24]} Nd5
{[%clk 1:31:20]} 3. d4 {[%clk 1:31:50]} d6 {[%clk 1:31:43]} 4. Nf3
{[%clk 1:32:16]} g6 {[%clk 1:32:08]} 5. c4 {[%clk 1:30:26]} Nb6 {[%clk 1:32:23]}
6. exd6 {[%clk 1:30:03]} cxd6 {[%clk 1:32:40]} 7. h3 {[%clk 1:30:21]} Bg7
{[%clk 1:32:08]} 8. Be2 {[%clk 1:30:21]} O-O {[%clk 1:29:56]} 9. Nc3
{[%clk 1:28:03]} Nc6 {[%clk 1:24:30]} 10. b3 {[%clk 1:26:15]} a5 {[%clk 1:09:45]}
11. Bb2 {[%clk 1:22:43]} a4 {[%clk 1:06:31]} 12. Nb5 {[%clk 1:19:51]} d5
{[%clk 1:02:55]} 13. c5 {[%clk 1:18:11]} Nd7 {[%clk 1:03:10]} 14. Rc1
{[%clk 1:12:16]} Nf6 {[%clk 0:53:42]} 15. O-O {[%clk 1:09:34]} axb3
{[%clk 0:50:24]} 16. Qxb3 {[%clk 1:06:40]} Ne4 {[%clk 0:48:36]} 17. Rcd1
{[%clk 1:01:38]} Na5 {[%clk 0:46:15]} 18. Qb4 {[%clk 0:54:17]} Nc6
{[%clk 0:42:08]} 19. Qb3 {[%clk 0:51:50]} Be6 {[%clk 0:41:54]} 20. Nc3
{[%clk 0:46:05]} Qa5 {[%clk 0:31:53]} 21. Nxe4 {[%clk 0:38:04]} dxe4
{[%clk 0:32:10]} 22. d5 {[%clk 0:38:29]} Bxd5 {[%clk 0:10:47]} 23. Rxd5
{[%clk 0:38:42]} exf3 {[%clk 0:11:12]} 24. Bxf3 {[%clk 0:38:30]} Qxa2
{[%clk 0:11:31]} 25. Qxa2 {[%clk 0:38:38]} Rxa2 {[%clk 0:11:57]} 26. Bxg7
{[%clk 0:39:00]} Kxg7 {[%clk 0:12:23]} 27. Rb1 {[%clk 0:39:07]} Ra7
{[%clk 0:08:25]} 28. Rd7 {[%clk 0:38:19]} Ne5 {[%clk 0:08:12]} 29. Rxe7
{[%clk 0:37:36]} Nxf3+ {[%clk 0:08:29]} 30. gxf3 {[%clk 0:38:02]} Rc8
{[%clk 0:08:49]} 31. Rbxb7 {[%clk 0:37:51]} Rxb7 {[%clk 0:09:07]} 32. Rxb7
{[%clk 0:38:16]} Rxc5 {[%clk 0:09:34]} 33. Rb4 {[%clk 0:37:27]} h5
{[%clk 0:09:33]} 34. h4 {[%clk 0:36:41]} Kf6 {[%clk 0:07:01]} 35. Kg2
{[%clk 0:37:02]} Kf5 {[%clk 0:07:13]} 36. Kg3 {[%clk 0:36:35]} f6
{[%clk 0:06:46]} 37. Rf4+ {[%clk 0:36:04]} Ke6 {[%clk 0:05:02]} 38. Re4+
{[%clk 0:36:32]} Re5 {[%clk 0:04:10]} 39. Ra4 {[%clk 0:35:49]} Rd5
{[%clk 0:03:36]} 40. Re4+ {[%clk 0:36:08]} Kf7 {[%clk 0:03:43]} 41. Ra4
{[%clk 0:29:09]} g5 {[%clk 0:03:21]} 42. Rb4 {[%clk 0:24:20]} Kg6
{[%clk 0:03:19]} 43. Ra4 {[%clk 0:23:54]} Rd3 {[%clk 0:03:34]} 44. hxg5
{[%clk 0:22:24]} fxg5 {[%clk 0:03:58]} 45. Ra6+ {[%clk 0:22:49]} Kf5
{[%clk 0:04:07]} 46. Ra5+ {[%clk 0:23:14]} Kf6 {[%clk 0:04:20]} 47. Ra6+
{[%clk 0:23:43]} Kf5 {[%clk 0:03:06]} 48. Ra5+ {[%clk 0:24:12]} Kf6
{[%clk 0:03:25]} 49. Ra6+ {[%clk 0:24:40]} Kf5 1/2-1/2

[Event "11th 4NCL Congress Open"]
[Site "Harben House"]
[Date "2016.11.05"]
[Round "2.10"]
[White "Willow, Jonah B"]
[Black "Kalavannan, Koby"]
[Result "0-1"]
[BlackElo "2131"]
[WhiteElo "1995"]
[LiveChessVersion "1.4.8"]

1. e4 {[%clk 1:30:59]} c5 {[%clk 1:30:59]} 2. Nf3 {[%clk 1:31:18]} Nc6
{[%clk 1:31:25]} 3. d4 {[%clk 1:31:44]} cxd4 {[%clk 1:31:51]} 4. Nxd4
{[%clk 1:32:08]} g6 {[%clk 1:32:17]} 5. c4 {[%clk 1:32:34]} Nf6 {[%clk 1:32:32]}
6. Nc3 {[%clk 1:32:46]} d6 {[%clk 1:32:58]} 7. f3 {[%clk 1:28:48]} Nxd4
{[%clk 1:33:12]} 8. Qxd4 {[%clk 1:29:13]} Bg7 {[%clk 1:33:37]} 9. Be3
{[%clk 1:29:27]} O-O {[%clk 1:34:02]} 10. Qd2 {[%clk 1:29:51]} a5
{[%clk 1:34:27]} 11. b3 {[%clk 1:30:07]} Be6 {[%clk 1:27:24]} 12. Rc1
{[%clk 1:21:44]} Nd7 {[%clk 1:22:35]} 13. Be2 {[%clk 0:59:03]} f5
{[%clk 1:11:11]} 14. exf5 {[%clk 0:48:29]} gxf5 {[%clk 1:10:19]} 15. O-O
{[%clk 0:46:22]} Nf6 {[%clk 0:49:00]} 16. Nb5 {[%clk 0:34:54]} Bd7
{[%clk 0:47:13]} 17. Bg5 {[%clk 0:29:43]} Kh8 {[%clk 0:35:23]} 18. Nc3
{[%clk 0:27:40]} Bc6 {[%clk 0:33:00]} 19. Nd5 {[%clk 0:19:49]} Bxd5
{[%clk 0:22:39]} 20. cxd5 {[%clk 0:20:16]} Qb6+ {[%clk 0:21:03]} 21. Be3
{[%clk 0:18:08]} Qb4 {[%clk 0:20:49]} 22. Qd3 {[%clk 0:16:14]} Nd7
{[%clk 0:19:45]} 23. Rc4 {[%clk 0:15:02]} Qb5 {[%clk 0:15:27]} 24. Rc7
{[%clk 0:14:59]} Qxd3 {[%clk 0:15:39]} 25. Bxd3 {[%clk 0:15:27]} Nf6
{[%clk 0:15:51]} 26. Bd4 {[%clk 0:13:47]} Nxd5 {[%clk 0:15:47]} 27. Bxg7+
{[%clk 0:14:13]} Kxg7 {[%clk 0:16:16]} 28. Rxb7 {[%clk 0:14:23]} Rfb8
{[%clk 0:14:35]} 29. Rxb8 Rxb8 {[%clk 0:15:04]} 30. Re1 {[%clk 0:13:53]} Kf6
{[%clk 0:13:25]} 31. Bc4 {[%clk 0:12:41]} Nc7 {[%clk 0:12:22]} 32. f4
{[%clk 0:12:41]} Rd8 {[%clk 0:10:19]} 33. Kf2 {[%clk 0:12:06]} e5
{[%clk 0:10:00]} 34. fxe5+ {[%clk 0:12:07]} dxe5 {[%clk 0:10:30]} 35. Ke2
{[%clk 0:10:42]} e4 {[%clk 0:09:11]} 36. Rd1 {[%clk 0:08:53]} Rxd1
{[%clk 0:09:05]} 37. Kxd1 {[%clk 0:09:22]} Ke5 {[%clk 0:08:27]} 38. Ke2
{[%clk 0:09:13]} Ne8 {[%clk 0:08:35]} 39. a3 {[%clk 0:07:29]} Nd6
{[%clk 0:07:08]} 40. Bg8 {[%clk 0:07:08]} h6 {[%clk 0:07:06]} 41. b4
{[%clk 0:07:03]} a4 {[%clk 0:06:04]} 42. Kd1 {[%clk 0:05:14]} Nb5
{[%clk 0:04:33]} 43. Bf7 {[%clk 0:05:12]} Nxa3 {[%clk 0:04:25]} 44. Be8
{[%clk 0:04:44]} Nc4 {[%clk 0:04:48]} 45. Bb5 {[%clk 0:04:27]} Ne3+
{[%clk 0:04:37]} 46. Kc1 {[%clk 0:04:22]} a3 {[%clk 0:02:28]} 47. g3
{[%clk 0:04:36]} Nd5 {[%clk 0:02:38]} 48. Kc2 {[%clk 0:02:50]} Nxb4+
{[%clk 0:03:00]} 49. Kb3 {[%clk 0:03:15]} a2 {[%clk 0:03:26]} 50. Kb2
{[%clk 0:03:42]} e3 {[%clk 0:03:29]} 0-1

[Event "11th 4NCL Congress Open"]
[Site "Harben House"]
[Date "2016.11.05"]
[Round "2.11"]
[White "Burrows, Martin P"]
[Black "Gibson, Christopher A"]
[Result "1/2-1/2"]
[BlackElo "1950"]
[WhiteElo "2119"]
[LiveChessVersion "1.4.8"]

1. e4 {[%clk 1:30:57]} e5 {[%clk 1:30:54]} 2. Nf3 {[%clk 1:31:21]} Nc6
{[%clk 1:31:19]} 3. Bb5 {[%clk 1:31:45]} f5 {[%clk 1:31:42]} 4. d3
{[%clk 1:31:57]} fxe4 {[%clk 1:32:02]} 5. dxe4 {[%clk 1:32:20]} Nf6
{[%clk 1:32:21]} 6. O-O {[%clk 1:32:27]} Bc5 {[%clk 1:32:21]} 7. Nc3
{[%clk 1:32:26]} O-O {[%clk 1:24:55]} 8. Bg5 {[%clk 1:32:38]} d6 {[%clk 1:16:58]}
9. Nd5 {[%clk 1:32:08]} Kh8 {[%clk 1:16:50]} 10. Nh4 {[%clk 1:31:01]} Nd4
{[%clk 1:12:07]} 11. Bc4 {[%clk 1:26:11]} b5 {[%clk 1:09:20]} 12. Bb3
{[%clk 1:15:07]} c6 {[%clk 1:06:52]} 13. Bxf6 {[%clk 1:01:41]} gxf6
{[%clk 1:06:13]} 14. Ne3 {[%clk 1:00:09]} Be6 {[%clk 0:52:08]} 15. Bxe6
{[%clk 0:56:50]} Nxe6 {[%clk 0:52:30]} 16. Nhf5 {[%clk 0:56:56]} Rg8
{[%clk 0:50:15]} 17. Kh1 {[%clk 0:56:30]} Qf8 {[%clk 0:44:24]} 18. c3
{[%clk 0:56:08]} Rd8 {[%clk 0:44:22]} 19. a4 {[%clk 0:54:07]} bxa4
{[%clk 0:40:42]} 20. Rxa4 {[%clk 0:49:19]} Rd7 {[%clk 0:37:50]} 21. b4
{[%clk 0:34:16]} Bxe3 {[%clk 0:36:06]} 22. Nxe3 {[%clk 0:33:53]} Qg7
{[%clk 0:29:29]} 23. g3 {[%clk 0:33:11]} Qg6 {[%clk 0:28:50]} 24. f3
{[%clk 0:30:18]} Ng7 {[%clk 0:26:11]} 25. Ra6 {[%clk 0:29:00]} f5
{[%clk 0:23:24]} 26. exf5 {[%clk 0:27:47]} Nxf5 {[%clk 0:23:43]} 27. Nxf5
{[%clk 0:28:05]} Qxf5 {[%clk 0:24:05]} 28. g4 {[%clk 0:26:41]} Qf4
{[%clk 0:17:26]} 29. Rxc6 {[%clk 0:25:08]} d5 {[%clk 0:15:57]} 30. Qd3
{[%clk 0:18:21]} Rf8 {[%clk 0:14:33]} 31. c4 {[%clk 0:16:13]} e4 {[%clk 0:12:22]}
32. Qd4+ {[%clk 0:16:11]} Kg8 {[%clk 0:12:43]} 33. cxd5 {[%clk 0:14:50]} exf3
{[%clk 0:12:40]} 34. Qxf4 {[%clk 0:13:49]} Rxf4 {[%clk 0:13:08]} 35. d6
{[%clk 0:13:53]} Rxb4 {[%clk 0:09:50]} 36. Rxf3 {[%clk 0:13:40]} Rxg4
{[%clk 0:08:19]} 37. Ra3 {[%clk 0:09:38]} Rg6 {[%clk 0:07:25]} 38. Raa6
{[%clk 0:09:26]} Kf8 {[%clk 0:06:42]} 39. h3 {[%clk 0:07:50]} Ke8
{[%clk 0:03:00]} 40. Kh2 {[%clk 0:04:28]} Kd8 {[%clk 0:01:48]} 41. h4
{[%clk 0:04:28]} Rg4 {[%clk 0:00:47]} 42. Kh3 {[%clk 0:04:37]} Rdg7
{[%clk 0:00:44]} 43. Rc2 {[%clk 0:02:48]} Rg3+ {[%clk 0:00:48]} 44. Kh2
{[%clk 0:03:16]} R3g4 {[%clk 0:01:11]} 45. Kh3 {[%clk 0:03:20]} Rg3+
{[%clk 0:01:40]} 46. Kh2 {[%clk 0:03:44]} R3g4 1/2-1/2

[Event "11th 4NCL Congress Open"]
[Site "Harben House"]
[Date "2016.11.05"]
[Round "2.12"]
[White "Ramprasad, Cherupalli"]
[Black "Hand, Freddie"]
[Result "0-1"]
[BlackElo "2103"]
[WhiteElo "1945"]
[LiveChessVersion "1.4.8"]

1. Nf3 {[%clk 1:30:34]} d5 {[%clk 1:30:49]} 2. g3 {[%clk 1:30:48]} Nf6
{[%clk 1:31:07]} 3. Bg2 {[%clk 1:30:58]} c6 {[%clk 1:31:28]} 4. d4
{[%clk 1:30:21]} Bf5 {[%clk 1:31:51]} 5. Nbd2 {[%clk 1:29:13]} h6
{[%clk 1:31:34]} 6. Ne5 {[%clk 1:28:27]} e6 {[%clk 1:31:46]} 7. O-O
{[%clk 1:27:25]} Bd6 {[%clk 1:30:48]} 8. Ndf3 {[%clk 1:27:32]} O-O
{[%clk 1:30:54]} 9. b3 {[%clk 1:23:27]} Nbd7 {[%clk 1:28:54]} 10. Bb2
{[%clk 1:23:11]} a5 {[%clk 1:21:58]} 11. c4 {[%clk 1:19:33]} Qb8 {[%clk 1:12:40]}
12. Nd3 {[%clk 1:13:47]} b6 {[%clk 1:04:05]} 13. Nd2 {[%clk 1:02:52]} b5
{[%clk 0:52:18]} 14. c5 {[%clk 0:52:16]} Bc7 {[%clk 0:52:04]} 15. Nf3
{[%clk 0:47:19]} b4 {[%clk 0:42:31]} 16. a4 {[%clk 0:35:50]} bxa3
{[%clk 0:41:17]} 17. Rxa3 {[%clk 0:36:12]} Bxd3 {[%clk 0:23:01]} 18. Qxd3
{[%clk 0:28:10]} e5 {[%clk 0:20:51]} 19. dxe5 {[%clk 0:27:17]} Nxe5
{[%clk 0:19:20]} 20. Nxe5 {[%clk 0:27:03]} Bxe5 {[%clk 0:19:43]} 21. Bxe5
{[%clk 0:27:26]} Qxe5 {[%clk 0:20:12]} 22. Rfa1 {[%clk 0:27:32]} Rfb8
{[%clk 0:15:35]} 23. e3 {[%clk 0:23:17]} Nd7 {[%clk 0:06:15]} 24. Qd4
{[%clk 0:21:00]} Qxd4 {[%clk 0:06:36]} 25. exd4 {[%clk 0:21:21]} Rb4
{[%clk 0:07:04]} 26. Bh3 {[%clk 0:18:30]} Nb8 {[%clk 0:02:40]} 27. Rxa5
{[%clk 0:14:18]} Rxa5 {[%clk 0:03:03]} 28. Rxa5 {[%clk 0:14:40]} Rxd4
{[%clk 0:01:49]} 29. Ra4 {[%clk 0:10:34]} Rd1+ {[%clk 0:01:23]} 30. Kg2
{[%clk 0:10:57]} Rb1 {[%clk 0:01:42]} 31. b4 {[%clk 0:10:15]} Kf8
{[%clk 0:00:56]} 32. Kf3 {[%clk 0:08:13]} g6 {[%clk 0:00:46]} 33. Ke3
{[%clk 0:07:30]} f5 {[%clk 0:01:00]} 34. g4 {[%clk 0:07:15]} Rb3+
{[%clk 0:01:07]} 35. Kf4 {[%clk 0:07:00]} Ke7 {[%clk 0:00:45]} 36. f3
{[%clk 0:06:00]} g5+ {[%clk 0:00:43]} 37. Ke5 {[%clk 0:04:07]} Nd7+
{[%clk 0:00:45]} 38. Kxf5 {[%clk 0:04:25]} Rxf3+ {[%clk 0:00:58]} 39. Kg6
{[%clk 0:04:45]} Rxh3 {[%clk 0:01:14]} 40. Ra6 {[%clk 0:05:04]} d4
{[%clk 0:00:43]} 41. Kf5 {[%clk 0:04:57]} Rb3 {[%clk 0:00:42]} 42. Rxc6
{[%clk 0:05:08]} Rxb4 {[%clk 0:00:35]} 43. Ke4 {[%clk 0:03:39]} d3+
{[%clk 0:00:50]} 44. Ke3 {[%clk 0:04:01]} Rxg4 {[%clk 0:00:47]} 45. Rxh6
{[%clk 0:01:58]} Nxc5 {[%clk 0:01:09]} 46. Rc6 {[%clk 0:02:14]} Re4+
{[%clk 0:00:59]} 47. Kd2 {[%clk 0:02:06]} Re2+ {[%clk 0:01:01]} 48. Kd1
{[%clk 0:02:26]} Ne4 {[%clk 0:01:04]} 49. Rc1 {[%clk 0:01:07]} Nf2# 0-1